000 00265nam a22001097a 4500
008 170125b xxu||||| |||| 00| 0 eng d
020 _a9780323030311
041 _aeng
080 _a618.2
245 _aTHE NURSE, THE MATH, THE MEDS
_cMULHOLLAND, J.M
942 _2udc
_cBK
999 _c3594
_d3594